Science Focus 8: Science, Technology, Society (Record no. 119440)
[ view plain ]
| 000 -LÍDER | |
|---|---|
| campo de controle de tamanho fixo | 00383 a2200169 4500 |
| 001 - NÚMERO DE CONTROLE | |
| campo de controle | 119440 |
| 020 ## - ISBN - INTERNATIONAL STANDARD BOOK NUMBER | |
| ISBN - International Standard Book Number | 9780070864726 |
| 040 ## - FONTE DA CATALOGAÇÃO | |
| Instituição que transcreveu o registro | Escola Canadense de Niteroi |
| 090 ## - NÚMERO DE CHAMADA LOCAL | |
| Número de chamada (OCLC) (R); Número de chamada, CALL (RLIN) (NR) | Teachers |
| 100 ## - ENTRADA PRINCIPAL--NOME PESSOAL | |
| Nome pessoal | Lois Edwards |
| 245 10 - TÍTULO | |
| Título | Science Focus 8: Science, Technology, Society |
| 260 ## - PUBLICAÇÃO, DISTRIBUIÇÃO, ETC. | |
| Local de publicação, distribuição, etc. | Canada |
| 362 0# - DATAS DE PUBLICAÇÃO E/OU DESIGNAÇÃO SEQUENCIAL | |
| Datas de publicação e/ou designação sequencial | 2001 |
| 490 0# - TÍTULO DA SÉRIE | |
| Título da série | Science Focus |
| 650 #4 - ASSUNTO--TERMO TÓPICO | |
| Cabeçalho tópico ou nome geográfico | Science |
| 942 ## - ELEMENTOS DE ENTRADA ADICIONADOS (KOHA) | |
| Tipo de material Koha | Livros |
| Situação do descarte | Situação das perdas | Situação física | Não pode ser emprestado | Biblioteca de origem | Biblioteca atual | Data de aquisição | Total de empréstimos | Número de chamada completo | Código de barras | Data de último acesso | Data do preço efetivo | Tipo de material Koha |
|---|---|---|---|---|---|---|---|---|---|---|---|---|
| Canadian School of Niterói - Piratininga | Canadian School of Niterói - Piratininga | 09/02/2024 | Teachers | A13762 | 09/02/2024 | 09/02/2024 | Livros | |||||
| Canadian School of Niterói - Piratininga | Canadian School of Niterói - Piratininga | 09/02/2024 | Teachers | A18733 | 09/02/2024 | 09/02/2024 | Livros | |||||
| Canadian School of Niterói - Piratininga | Canadian School of Niterói - Piratininga | 09/02/2024 | Teachers | A18734 | 09/02/2024 | 09/02/2024 | Livros | |||||
| Canadian School of Niterói - Piratininga | Canadian School of Niterói - Piratininga | 09/02/2024 | Teachers | A18735 | 09/02/2024 | 09/02/2024 | Livros | |||||
| Canadian School of Niterói - Piratininga | Canadian School of Niterói - Piratininga | 09/02/2024 | Teachers | A18736 | 09/02/2024 | 09/02/2024 | Livros | |||||
| Canadian School of Niterói - Piratininga | Canadian School of Niterói - Piratininga | 09/02/2024 | Teachers | A18737 | 09/02/2024 | 09/02/2024 | Livros | |||||
| Canadian School of Niterói - Piratininga | Canadian School of Niterói - Piratininga | 09/02/2024 | Teachers | A18738 | 09/02/2024 | 09/02/2024 | Livros | |||||
| Canadian School of Niterói - Piratininga | Canadian School of Niterói - Piratininga | 09/02/2024 | Teachers | A18741 | 09/02/2024 | 09/02/2024 | Livros | |||||
| Canadian School of Niterói - Piratininga | Canadian School of Niterói - Piratininga | 09/02/2024 | Teachers | A14327 | 09/02/2024 | 09/02/2024 | Livros | |||||
| Canadian School of Niterói - Piratininga | Canadian School of Niterói - Piratininga | 09/02/2024 | Teachers | A14328 | 09/02/2024 | 09/02/2024 | Livros | |||||
| Canadian School of Niterói - Piratininga | Canadian School of Niterói - Piratininga | 09/02/2024 | Teachers | A07583 | 09/02/2024 | 09/02/2024 | Livros |